2023-2024 Premier League Table - Statistics

General Stats
  • This quiz has been taken 34 times
  • The average score is 16 of 20
Answer Stats
Hint Answer % Correct
1st Manchester City
100%
2nd Arsenal
97%
3rd Liverpool
97%
8th Manchester United
97%
5th Tottenham Hotspur
93%
4th Aston Villa
87%
6th Chelsea
83%
13th Fulham
83%
7th Newcastle
83%
17th Nottingham Forest
80%
11th Brighton
77%
15th Everton
77%
16th Brentford
73%
10th Crystal Palace
73%
9th West Ham
73%
14th Wolves
73%
18th Luton Town
70%
19th Burnley
63%
12th Bournemouth
60%
20th Sheffield United
50%
No matching quizzes found
Score Distribution
Percent of People with Each Score
Percentile by Number Answered
Your Score History
You have not taken this quiz